000 00543nam a2200193Ia 4500
003 OSt
005 20200824100726.0
008 190216s9999||||xx |||||||||||||| ||und||
020 _a0852264690
040 _coclc
082 _a530.41
_bKIT/I
100 _aKittel, Charles
_94293
245 0 _aIntroduction To Solid State Physics /
_cCharles Kittel
250 _a5th Ed.
260 _bWiley Eastern Ltd.
_c1976.
_aNew Delhi:
300 _a599p
650 _aPhysics
942 _cBK
_2ddc
_h530.41
_iKIT/I
_k530.41
_mKIT/I
999 _c32933
_d32933